000 00702nam a2200289Ia 4500
005 20260324114003.0
008 008 260324s9999 xx 000 0 eng d
020 _a9781003372608
037 _aEBOOK
040 _aCRL
040 _beng
040 _cCRL
041 _2eng
041 _aeng
084 _qCRL
100 _aEdward W. Marx
_91148967
245 0 _aVoices of Innovation
245 0 _bFulfilling the Promise of Information Technology in Healthcare
260 _bTaylor and Francis
260 _c2023
365 _a
365 _b220
856 _uhttp://www.taylorfrancis.com/books/9781003372608
942 _cEBOOK
999 _c1738916
_d1738916